Normal view
MARC view
Entry Personal Name
001 - CONTROL NUMBER
- control field: 638852
003 - CONTROL NUMBER IDENTIFIER
- control field: OSt
005 - DATE AND TIME OF LATEST TRANSACTION
- control field: 20221005130919.0
008 - FIXED-LENGTH DATA ELEMENTS
- fixed length control field: 221005|| aca||aabn | a|a d
040 ## - CATALOGING SOURCE
- Original cataloging agency: OSt
- Transcribing agency: OSt
100 ## - HEADING--PERSONAL NAME
- Personal name: A.Vaithiya Nathan Au
670 ## - SOURCE DATA FOUND
- Source citation: Work cat.: (OSt)1058798: A.Vaithiya Nathan Au., Saridira Gupthan, 1947
